LEADER 01685nam a2200349 i 4500 001 991003342299707536 008 031113s2003 it 000 0 ita 020 $a880616077X 035 $ab12413598-39ule_inst 040 $aBiblioteca Interfacoltà$bita 082 04$a852.914 100 1 $aBarsotti, Anna$0160577 245 10$aEduardo :$bla vita e le opere in un volume di Anna Barsotti : le immagini e la voce dell'artista in una videocassetta di Rai Educational 260 $aTorino :$bG. Einaudi ;$a[Roma] :$bRai Educational,$c[2003] 300 $a1 kit (1 v., 1 videocassetta) ; in contenitore,$c21x13x5 cm. 440 0$aEinaudi tascabili.$pSaggi ;$v1116 500 $aTit. del contenitore 500 $aSul contenitore: I grandi autori italiani del '900 505 0 $tEduardo / Anna Barsotti$g. - 172 p. ; 20 cm 505 0 $tEduardo racconta Eduardo / a cura di Maurizio Giammusso ; regia di Nello Pepe. - [Torino] : Einaudi ; [Roma] : Rai Educational, [2003].$g- 1 videocassetta (VHS) (ca. 40 min.) 600 14$aDe Filippo, Eduardo$xBiografia 600 14$aDe Filippo, Eduardo$xTeatro 700 1 $aGiammusso, Maurizio 700 1 $aPepe, Nello 907 $a.b12413598$b02-04-14$c13-11-03 912 $a991003342299707536 945 $aLE008 TS M I 256$g1$i2008000099145$lle008$o-$pE0.00$q-$rl$s- $t0$u1$v0$w1$x0$y.i13030978$z24-11-03 945 $aLE002 Lett. III C 38$g1$i2002000103673$lle002$o-$pE0.00$q-$rl$s- $t0$u1$v0$w1$x0$y.i12832376$z13-11-03 945 $cVHS$g1$lle002$o-$pE0.00$qm$rl$s- $t0$u0$v0$w0$x0$y.i12832388$z13-11-03 996 $aEduardo$9167005 997 $aUNISALENTO 998 $ale008$a(2)le002$b13-11-03$cm$da $e-$fita$git $h0$i3 LEADER 02102oam 2200577 450 001 9910716628403321 005 20210721125756.0 035 $a(CKB)5470000002523884 035 $a(OCoLC)1057364648 035 $a(EXLCZ)995470000002523884 100 $a20181018d1999 ua 0 101 0 $aeng 135 $aur||||||||||| 181 $ctxt$2rdacontent 182 $cc$2rdamedia 183 $acr$2rdacarrier 200 00$aCommuter choice: guidance overview /$fUnited States Environmental Protection Agency, Air and Radiation, Office of Mobile Sources 210 1$a[Washington, D.C.] :$cUnited States Environmental Protection Agency, Air and Radiation, Office of Mobile Sources,$d1999. 215 $a1 online resource (7 pages) $cillustrations 225 0 $aTRAQ technical brief 300 $a"EPA420-F-99-026." 300 $a"June 1999." 300 $aSupersedes EPA 420-F-98-035 & EPA 420-F-98-030. 517 $aCommuter choice 606 $aCommuting$xEnvironmental aspects$zUnited States 606 $aAutomobiles$xMotors$xExhaust gas$zUnited States 606 $aAir quality management$zUnited States 606 $aEmployer-sponsored transportation$zUnited States 606 $aCommuting$xEnvironmental aspects$2fast 606 $aAir quality management$2fast 606 $aAutomobiles$xMotors$xExhaust gas$2fast 607 $aUnited States$2fast 615 0$aCommuting$xEnvironmental aspects 615 0$aAutomobiles$xMotors$xExhaust gas 615 0$aAir quality management 615 0$aEmployer-sponsored transportation 615 7$aCommuting$xEnvironmental aspects. 615 7$aAir quality management. 615 7$aAutomobiles$xMotors$xExhaust gas. 712 02$aUnited States.$bEnvironmental Protection Agency.$bOffice of Mobile Sources, 712 02$aTransportation Air Quality Center (U.S.) 801 0$bELC 801 1$bELC 801 2$bELC 801 2$bOCL 801 2$bOCLCQ 801 2$bGPO 906 $aBOOK 912 $a9910716628403321 996 $aCommuter choice: guidance overview$93339362 997 $aUNINA LEADER 03211nam 2200457 450 001 9910813021703321 005 20181207125148.0 010 $a1-78533-916-8 024 7 $a10.1515/9781785339165 035 $a(CKB)5120000000101558 035 $a(MiAaPQ)EBC5541094 035 $a(DE-B1597)636209 035 $a(DE-B1597)9781785339165 035 $a(EXLCZ)995120000000101558 100 $a20181113d2019 uy 0 101 0 $aeng 135 $aurcnu|||||||| 181 $ctxt$2rdacontent 182 $cc$2rdamedia 183 $acr$2rdacarrier 200 04$aThe decisionist imagination $esovereignty, social science, and democracy in the 20th century /$fedited by Daniel Bessner, Nicolas Guilhot 210 1$aNew York ;$aLondon :$cBerghahn,$d2019. 215 $a1 online resource (320 pages) 311 $a1-78533-915-X 327 $aWho decides? / Daniel Bessner and Nicolas Guilhot -- Reading the international mind : international public opinion in early twentieth century Anglo-American thought / Stephen Wertheim -- Militant democracy as decisionist liberalism : reason and power in the work of Karl Loewenstein / Carlo Invernizzi Accetti and Ian Zuckerman -- Parliamentary and electoral decisions as political acts / Kari Palonen -- Decision and decisionism / Nomi Claire Lazar -- How having reasons became making a decision : the Cold War rise of decision theory and the invention of rational choice / Philip Mirowski -- Computable rationality, nuts, and the nuclear Leviathan / S.M. Amadae -- The unlikely revolutionaries : decision sciences in the Soviet government / Egle Rindzeviciute -- Prediction and social choice : Daniel Bell and future research / Jenny Andersson -- Predictive algorithms and criminal sentencing / Angele Christin -- The myth of the decision / Daniel Bessner and Nicolas Guilhot. 330 $a"In the decades following World War II, the science of decision-making moved from the periphery to the center of transatlantic political theory, as part of the broader mobilization of social science during the Cold War. The Decisionist Imagination explores how "decisionism" emerged from its origins in prewar political science to become an object of intense scientific inquiry in the new intellectual and institutional landscape of the postwar era. By bringing together scholars from a wide variety of disciplines, this volume illuminates the connection between early twentieth-century conservative political theory and techno-scientific aspects of modern governance--helping to explain, in short, how we arrived at where we are today"--$cProvided by publisher. 606 $aPolitical science$xMethodology 606 $aPolitical science$xDecision making 610 $aDecision Theory, Decisionism, Decisionist, Cold War, Political Theory, Sovereignty, Decision-Making. 615 0$aPolitical science$xMethodology. 615 0$aPolitical science$xDecision making. 676 $a320.072 702 $aBessner$b Daniel$f1984- 702 $aGuilhot$b Nicolas$f1970- 801 0$bMiAaPQ 801 1$bMiAaPQ 801 2$bMiAaPQ 906 $aBOOK 912 $a9910813021703321 996 $aThe decisionist imagination$93925369 997 $aUNINA